|
|
|
|
| LEADER |
00000ny a22000003n 4500 |
| 005 |
20110517105119.0 |
| 008 |
070205c20uu9999sp ar p 0uuub0spa d |
| 022 |
|
|
|a 1578-3162
|
| 035 |
|
|
|a 658
|
| 035 |
|
|
|a 11761
|
| 040 |
|
|
|a BUAL
|d vLex
|
| 080 |
|
|
|a 347.9(05)
|
| 090 |
|
|
|c 2002
|d 2002
|
| 245 |
0 |
0 |
|a Anuario de justicia alternativa
|h [Recurso electrn̤ico]
|
| 256 |
|
|
|a Servicio en ln̕ea
|
| 260 |
|
|
|a Barcelona :
|b Tribunal Arbitral de Barcelona :
|b J.M. Bosch
|
| 310 |
|
|
|a Anual
|
| 506 |
1 |
|
|a Contenido solo disponible en los productos indicados
|d vLex Global
|d vLex Global (Academic Edition, excluding Law Schools)
|d vLex Global (U.S. Academic Edition, Law Schools)
|d vLex Global (U.S. Academic Edition, excluding Law Schools)
|d vLex Global (Academic Edition, Law Schools)
|
| 650 |
0 |
7 |
|a Medios alternativos de solucin̤ de conflictos
|2 Tesauro vLex
|
| 650 |
0 |
7 |
|a Procesal
|2 Tesauro vLex
|
| 650 |
0 |
7 |
|a Medios de solucin̤ no jurisdiccionales
|2 Tesauro vLex
|
| 710 |
2 |
|
|a Tribunal Arbitral de Barcelona,
|e ed.
|
| 740 |
0 |
|
|a vLex Revista (Servicios en ln̕ea)
|
| 843 |
|
|
|a Electrn̤ica. Abierta
|
| 856 |
4 |
0 |
|u http://vlex.com/source/658
|z Acceso restringido
|
| 856 |
4 |
0 |
|u http://vlex.com/source/anuario-justicia-alternativa-11761
|z Acceso restringido
|
| 942 |
|
|
|c REV
|